[Event "Biel"]
[Site "Biel SUI"]
[Date "1995.??.??"]
[Round "1"]
[White "Gavrikov, Viktor"]
[Black "Kindermann, Stefan"]
[Result "1/2-1/2"]
[WhiteElo "2605"]
[BlackElo "2565"]
[PlyCount "31"]
[EventDate "1995.07.22"]
[EventType "tourn"]
[EventRounds "13"]
[EventCountry "SUI"]
[EventCategory "15"]

1. d4 f5 2. g3 Nf6 3. Bg2 d6 4. c4 g6 5. Nc3 Bg7 6. Nf3 O-O 7. d5 Na6 8. O-O Qe8 9. Rb1 Bd7 10. b4 c6 11. Qb3 Kh8 12. Ba3 Nc7 13. b5 c5 14. Rbd1 h6 15. Bb2 g5 16. e4 1/2-1/2

[Event "Biel"]
[Site "Biel SUI"]
[Date "1995.??.??"]
[Round "3"]
[White "Campora, Daniel Hugo"]
[Black "Timman, Jan H"]
[Result "1-0"]
[WhiteElo "2550"]
[BlackElo "2590"]
[PlyCount "115"]
[EventDate "1995.07.22"]
[EventType "tourn"]
[EventRounds "13"]
[EventCountry "SUI"]
[EventCategory "15"]

1. e4 c5 2. Nf3 d6 3. d4 cxd4 4. Nxd4 Nf6 5. Nc3 e6 6. g3 Be7 7. Bg2 O-O 8. O-O a6 9. f4 Qc7 10. g4 Nc6 11. Nxc6 bxc6 12. g5 Nd7 13. f5 Re8 14. f6 Bf8 15. fxg7 Bxg7 16. Bf4 Ne5 17. Bxe5 Bxe5 18. Qh5 Qe7 19. Rf3 Qf8 20. Raf1 Ra7 21. Nd1 Qg7 22. Nf2 Qg6 23. Qxg6+ hxg6 24. Ng4 Bg7 25. Rd1 d5 26. e5 Rb7 27. Rb3 Ree7 28. Bf1 c5 29. Rxb7 Bxb7 30. Kf2 Kf8 31. Rd3 Rc7 32. b3 a5 33. c4 d4 34. Bg2 Bxg2 35. Kxg2 Rc8 36. Kf2 Ra8 37. Ke2 a4 38. a3 Ke7 39. Kd2 Kd8 40. Kc2 Bf8 41. Rf3 axb3+ 42. Kxb3 Ra7 43. Nf2 Rd7 44. Nd3 Kc7 45. Rf1 Kc6 46. a4 Kb6 47. Ka3 Ka6 48. Rb1 Rb7 49. Rb5 Be7 50. h4 Rb6 51. Nf2 Rb7 52. Rxb7 Kxb7 53. Ng4 Bf8 54. Nh6 f5 55. exf6 e5 56. Ng4 e4 57. Nf2 e3 58. Nd3 1-0

[Event "Biel"]
[Site "Biel SUI"]
[Date "1995.??.??"]
[Round "4"]
[White "Kindermann, Stefan"]
[Black "Brunner, Lucas"]
[Result "1-0"]
[WhiteElo "2565"]
[BlackElo "2530"]
[PlyCount "69"]
[EventDate "1995.07.22"]
[EventType "tourn"]
[EventRounds "13"]
[EventCountry "SUI"]
[EventCategory "15"]

1. e4 c6 2. d4 d5 3. e5 Bf5 4. Nf3 e6 5. Be2 c5 6. Be3 Nd7 7. O-O Ne7 8. c4 dxc4 9. Bxc4 Nc6 10. d5 Nb6 11. Bg5 Be7 12. Bxe7 Nxe7 13. Bb5+ Kf8 14. d6 Ned5 15. Nc3 Nxc3 16. bxc3 g5 17. Bd3 g4 18. Ne1 Qg5 19. f4 Qg6 20. Bxf5 Qxf5 21. Nc2 h5 22. Ne3 Qe4 23. Qd2 f5 24. exf6 Rd8 25. f5 e5 26. f7 Kxf7 27. f6 Ke6 28. Nf5 Nc4 29. Qg5 Rdg8 30. Ng7+ Kf7 31. Rae1 Qg6 32. Qc1 Qd3 33. Nf5 Rd8 34. Qg5 Rh7 35. Nh6+ 1-0

[Event "Biel"]
[Site "Biel SUI"]
[Date "1995.??.??"]
[Round "4"]
[White "Timman, Jan H"]
[Black "Adianto, Utut"]
[Result "0-1"]
[WhiteElo "2590"]
[BlackElo "2590"]
[PlyCount "68"]
[EventDate "1995.07.22"]
[EventType "tourn"]
[EventRounds "13"]
[EventCountry "SUI"]
[EventCategory "15"]

1. d4 Nf6 2. c4 e6 3. Nc3 Bb4 4. e3 c5 5. Bd3 Nc6 6. Nge2 d5 7. cxd5 exd5 8. a3 cxd4 9. exd4 Be7 10. O-O O-O 11. f3 Ne8 12. Be3 Nc7 13. Rc1 Re8 14. Na4 Bxa3 15. Bxh7+ Kxh7 16. Qd3+ g6 17. Qxa3 Qe7 18. Kf2 Qh4+ 19. Kg1 Nb5 20. Qd3 Qe7 21. Nec3 Bf5 22. Qxb5 Qxe3+ 23. Kh1 Bd3 24. Qxb7 Bxf1 25. Qxf7+ Kh6 26. Rxf1 Qxd4 27. h3 Rad8 28. Rd1 Qh4 29. Qb7 Ne5 30. Qxa7 Nxf3 31. gxf3 Qxh3+ 32. Kg1 Qg3+ 33. Kf1 d4 34. Ne4 Rxe4 0-1

[Event "Biel"]
[Site "Biel SUI"]
[Date "1995.??.??"]
[Round "4"]
[White "Zvjaginsev, Vadim"]
[Black "Gavrikov, Viktor"]
[Result "1-0"]
[WhiteElo "2600"]
[BlackElo "2605"]
[PlyCount "93"]
[EventDate "1995.07.22"]
[EventType "tourn"]
[EventRounds "13"]
[EventCountry "SUI"]
[EventCategory "15"]

1. d4 f5 2. g3 Nf6 3. Bg2 g6 4. Nf3 Bg7 5. O-O O-O 6. Nbd2 d6 7. c3 Nc6 8. b4 Qe8 9. Qb3+ Kh8 10. d5 Nd8 11. Bb2 a5 12. a3 e5 13. dxe6 Nxe6 14. e3 Qe7 15. c4 Bd7 16. Nd4 c5 17. Nxe6 a4 18. Qc2 Bxe6 19. bxc5 dxc5 20. Rab1 Ra7 21. Bc3 Qc7 22. Qb2 Nh5 23. Rfd1 Rd8 24. Bxg7+ Nxg7 25. Qf6 Kg8 26. Nf3 Rxd1+ 27. Rxd1 Ra8 28. Qe5 Qe7 29. h4 h6 30. Rd6 Re8 31. Qxc5 Rc8 32. Qe5 Rc7 33. c5 Bf7 34. Qxe7 Rxe7 35. Nd4 Rc7 36. Bd5 Bxd5 37. Rxd5 Kf7 38. Nb5 Re7 39. Nc3 Ne6 40. Nxa4 Nc7 41. Rd3 Na6 42. Rb3 g5 43. Rb6 Re4 44. Rxb7+ Kf8 45. Ra7 Rxa4 46. c6 Rxa3 47. c7 1-0

[Event "Biel"]
[Site "Biel SUI"]
[Date "1995.??.??"]
[Round "5"]
[White "Brunner, Lucas"]
[Black "Timman, Jan H"]
[Result "0-1"]
[WhiteElo "2530"]
[BlackElo "2590"]
[PlyCount "58"]
[EventDate "1995.07.22"]
[EventType "tourn"]
[EventRounds "13"]
[EventCountry "SUI"]
[EventCategory "15"]

1. Nf3 Nf6 2. c4 c5 3. Nc3 Nc6 4. e3 e6 5. d4 d5 6. cxd5 exd5 7. Be2 cxd4 8. Nxd4 Bd6 9. O-O O-O 10. b3 Re8 11. Bb2 Nxd4 12. Qxd4 Be5 13. Qd2 Bg4 14. Bxg4 Nxg4 15. h3 Nf6 16. Rfd1 Rc8 17. Rac1 Rc6 18. Nb5 Ne4 19. Qe2 Bb8 20. Rxc6 bxc6 21. Qg4 g6 22. Nd4 Qf6 23. Qe2 Qd6 24. Nf3 Ng5 25. Kf1 f6 26. Nxg5 fxg5 27. Qg4 h6 28. Rc1 c5 29. Ba3 Qa6+ 0-1

[Event "Biel"]
[Site "Biel SUI"]
[Date "1995.??.??"]
[Round "5"]
[White "Hodgson, Julian M"]
[Black "Kindermann, Stefan"]
[Result "1-0"]
[WhiteElo "2590"]
[BlackElo "2565"]
[PlyCount "83"]
[EventDate "1995.07.22"]
[EventType "tourn"]
[EventRounds "13"]
[EventCountry "SUI"]
[EventCategory "15"]

1. c4 Nf6 2. Nc3 c5 3. g3 d5 4. cxd5 Nxd5 5. Bg2 Nc7 6. b3 e5 7. Ba3 Be7 8. Rc1 Nba6 9. Nf3 f6 10. O-O O-O 11. e3 Bg4 12. h3 Bh5 13. g4 Bf7 14. Nh4 Rb8 15. Nf5 Re8 16. d4 exd4 17. exd4 Bf8 18. dxc5 Bxc5 19. Bb2 Qxd1 20. Rfxd1 Bf8 21. Ne4 Red8 22. Ned6 b6 23. Nxf7 Kxf7 24. Bf1 Bc5 25. Bc4+ Kf8 26. a3 b5 27. Bf1 Ne6 28. b4 Bb6 29. Bxb5 Nac7 30. Bf1 Nd5 31. Nd4 Nxd4 32. Bxd4 Nf4 33. Bxb6 axb6 34. a4 Rxd1 35. Rxd1 Ra8 36. Ra1 Ke7 37. a5 bxa5 38. bxa5 Kd6 39. a6 Kc5 40. Ra5+ Kd6 41. a7 Kc7 42. Ra4 {Ribli} 1-0

[Event "Biel"]
[Site "Biel SUI"]
[Date "1995.??.??"]
[Round "5"]
[White "Shirov, Alexei"]
[Black "Tkachiev, Vladislav"]
[Result "1/2-1/2"]
[WhiteElo "2695"]
[BlackElo "2605"]
[PlyCount "60"]
[EventDate "1995.07.22"]
[EventType "tourn"]
[EventRounds "13"]
[EventCountry "SUI"]
[EventCategory "15"]

1. d4 Nf6 2. c4 g6 3. Nc3 Bg7 4. e4 d6 5. Be2 O-O 6. Nf3 e5 7. O-O Nc6 8. d5 Ne7 9. Ne1 Nd7 10. Be3 f5 11. f3 f4 12. Bf2 g5 13. a4 a6 14. a5 Rf6 15. g4 fxg3 16. hxg3 h5 17. Ng2 Rh6 18. Ne3 Nf6 19. Kg2 Bd7 20. b4 Qe8 21. c5 Qg6 22. cxd6 cxd6 23. Nc4 g4 24. Nb6 gxf3+ 25. Bxf3 Rf8 26. Nxd7 Nxd7 27. Rh1 Nf6 28. Qe2 h4 29. Rh3 Rc8 30. Qd2 hxg3 1/2-1/2

[Event "Biel"]
[Site "Biel SUI"]
[Date "1995.??.??"]
[Round "6"]
[White "Kindermann, Stefan"]
[Black "Shirov, Alexei"]
[Result "1/2-1/2"]
[WhiteElo "2565"]
[BlackElo "2695"]
[PlyCount "83"]
[EventDate "1995.07.22"]
[EventType "tourn"]
[EventRounds "13"]
[EventCountry "SUI"]
[EventCategory "15"]

1. e4 g6 2. d4 Bg7 3. Nc3 c6 4. Nf3 d6 5. Be3 Nf6 6. Qd2 Qa5 7. h3 O-O 8. Bd3 e5 9. O-O Nbd7 10. Rfd1 exd4 11. Nxd4 Re8 12. Bh6 Bxh6 13. Qxh6 Qb6 14. Nb3 a5 15. a4 Ne5 16. Bf1 Rd8 17. Rab1 Be6 18. Nd4 Re8 19. Qh4 Nh5 20. f4 Qc5 21. Kh1 Nd7 22. f5 Bc4 23. Bxc4 Qxc4 24. fxg6 fxg6 25. Nf5 Qb4 26. Nxd6 Re6 27. Nf5 Ndf6 28. Nh6+ Kg7 29. Ng4 Rae8 30. Nf2 h6 31. Nd3 Qc4 32. Nf4 Nxf4 33. Qxf4 g5 34. Qf3 R8e7 35. Rd8 Nxe4 36. Nxe4 Rxe4 37. Qf8+ Kh7 38. Qh8+ Kg6 39. Rd6+ R4e6 40. Rbd1 Kh5 41. Rxe6 Qxe6 42. Qd8 1/2-1/2

[Event "Biel"]
[Site "Biel SUI"]
[Date "1995.??.??"]
[Round "7"]
[White "Adianto, Utut"]
[Black "Gavrikov, Viktor"]
[Result "1/2-1/2"]
[WhiteElo "2590"]
[BlackElo "2605"]
[PlyCount "28"]
[EventDate "1995.07.22"]
[EventType "tourn"]
[EventRounds "13"]
[EventCountry "SUI"]
[EventCategory "15"]

1. d4 Nf6 2. c4 e6 3. Nf3 b6 4. g3 Ba6 5. b3 Bb4+ 6. Bd2 Be7 7. Nc3 O-O 8. e4 d5 9. cxd5 exd5 10. Bxa6 Nxa6 11. e5 Ne4 12. O-O Nxc3 13. Bxc3 c6 14. Rc1 Nc7 1/2-1/2

[Event "Biel"]
[Site "Biel SUI"]
[Date "1995.??.??"]
[Round "7"]
[White "Brunner, Lucas"]
[Black "Zvjaginsev, Vadim"]
[Result "1/2-1/2"]
[WhiteElo "2530"]
[BlackElo "2600"]
[PlyCount "67"]
[EventDate "1995.07.22"]
[EventType "tourn"]
[EventRounds "13"]
[EventCountry "SUI"]
[EventCategory "15"]

1. Nf3 Nf6 2. c4 e6 3. Nc3 d5 4. d4 c6 5. cxd5 exd5 6. Bg5 Bf5 7. Qb3 Qb6 8. Bxf6 Qxb3 9. axb3 gxf6 10. e3 Nd7 11. Kd2 Nb6 12. Bd3 Bg6 13. Nh4 Nc8 14. Nf5 Bxf5 15. Bxf5 Nd6 16. Bd3 a6 17. g4 h5 18. gxh5 f5 19. Ne2 Ke7 20. Ng3 Kf6 21. f4 Re8 22. Ke2 Be7 23. Rag1 Ke6 24. Kd2 Bh4 25. Be2 Kf6 26. Bf3 Re6 27. Rg2 Ke7 28. Ne2 Reh6 29. Nc3 Ne4+ 30. Nxe4 fxe4 31. Be2 Rc8 32. b4 Bf6 33. Rhg1 Rhh8 34. Bg4 1/2-1/2

[Event "Biel"]
[Site "Biel SUI"]
[Date "1995.??.??"]
[Round "7"]
[White "Campora, Daniel Hugo"]
[Black "Dreev, Alexey"]
[Result "0-1"]
[WhiteElo "2550"]
[BlackElo "2670"]
[PlyCount "62"]
[EventDate "1995.07.22"]
[EventType "tourn"]
[EventRounds "13"]
[EventCountry "SUI"]
[EventCategory "15"]

1. e4 e6 2. d4 d5 3. e5 c5 4. c3 Nc6 5. Nf3 Bd7 6. Be2 Nge7 7. Na3 cxd4 8. cxd4 Nf5 9. Nc2 Nb4 10. O-O Nxc2 11. Qxc2 Qb6 12. Qd3 Rc8 13. Rd1 h6 14. h4 a6 15. a4 Bb4 16. h5 Ne7 17. Qe3 Nc6 18. Bd3 Na5 19. Bb1 Be7 20. Ra2 Nb3 21. Bd2 Nxd2 22. Nxd2 Qb4 23. a5 Ba4 24. b3 Bb5 25. f4 Rc3 26. Qf2 Kd7 27. f5 Rhc8 28. f6 gxf6 29. exf6 Bd6 30. Nf3 Rc1 31. Rad2 Qxb3 0-1

[Event "Biel"]
[Site "Biel SUI"]
[Date "1995.??.??"]
[Round "8"]
[White "Zvjaginsev, Vadim"]
[Black "Hodgson, Julian M"]
[Result "1-0"]
[WhiteElo "2600"]
[BlackElo "2590"]
[PlyCount "97"]
[EventDate "1995.07.22"]
[EventType "tourn"]
[EventRounds "13"]
[EventCountry "SUI"]
[EventCategory "15"]

1. d4 d5 2. c4 c6 3. e3 Nf6 4. Nc3 a6 5. Bd2 e6 6. Nf3 c5 7. cxd5 exd5 8. Ne5 Bd6 9. Bd3 O-O 10. O-O Bxe5 11. dxe5 Ng4 12. f4 d4 13. Ne4 Nc6 14. h3 Nxe3 15. Qh5 Bf5 16. Bxe3 Bg6 17. Qf3 dxe3 18. Qxe3 Bxe4 19. Bxe4 Qd4 20. Qxd4 cxd4 21. Rac1 Rac8 22. Rfd1 Rfd8 23. Kf2 Kf8 24. Ke2 Ke7 25. Bxc6 Rxc6 26. Rxc6 bxc6 27. Rc1 g5 28. fxg5 Rd5 29. Rxc6 Rxe5+ 30. Kd3 Rxg5 31. Rxa6 Rxg2 32. b4 f5 33. Kxd4 Re2 34. Kd3 Re1 35. Ra7+ Ke6 36. b5 f4 37. Kd2 Rb1 38. a4 Rb4 39. Ra8 Kd5 40. Kc3 Rb1 41. Rf8 Ke4 42. Kc4 f3 43. a5 Rc1+ 44. Kb4 Ke3 45. b6 f2 46. a6 f1=Q 47. Rxf1 Rxf1 48. a7 Kd4 49. Kb5 1-0

[Event "Biel"]
[Site "Biel SUI"]
[Date "1995.??.??"]
[Round "9"]
[White "Brunner, Lucas"]
[Black "Campora, Daniel Hugo"]
[Result "1/2-1/2"]
[WhiteElo "2530"]
[BlackElo "2550"]
[PlyCount "120"]
[EventDate "1995.07.22"]
[EventType "tourn"]
[EventRounds "13"]
[EventCountry "SUI"]
[EventCategory "15"]

1. e4 e6 2. d4 d5 3. Nd2 dxe4 4. Nxe4 Bd7 5. Nf3 Bc6 6. Bd3 Nd7 7. O-O Bxe4 8. Bxe4 c6 9. Bf4 Ngf6 10. Bd3 Be7 11. c3 O-O 12. Qb3 Qb6 13. Nd2 c5 14. Qxb6 Nxb6 15. dxc5 Bxc5 16. Ne4 Nbd7 17. Nxf6+ Nxf6 18. Rad1 Rfd8 19. Bc2 Kf8 20. Rfe1 Rac8 21. Kf1 h6 22. Rxd8+ Rxd8 23. Ke2 Nd5 24. Bc1 Ke7 25. g3 b5 26. Rd1 b4 27. cxb4 Bxb4 28. Be4 Bc5 29. Bxd5 exd5 30. Bd2 Rb8 31. b3 Ke6 32. Rc1 Bb6 33. b4 Kd7 34. a4 a6 35. Kd3 f6 36. f3 h5 37. h3 f5 38. Bf4 Rb7 39. Re1 h4 40. gxh4 Bf2 41. Rb1 Bxh4 42. Be5 Ke6 43. Bd4 Bd8 44. Bc5 Bf6 45. b5 axb5 46. axb5 Rc7 47. Bd4 Bxd4 48. Kxd4 Rc4+ 49. Kd3 Kd7 50. b6 Kc8 51. Rb5 Rh4 52. Rxd5 g6 53. Rd6 Rxh3 54. Ke2 g5 55. Rf6 g4 56. f4 Kb7 57. Rxf5 Kxb6 58. Rg5 Kc6 59. Rxg4 Kd5 60. Rg8 Ke4 1/2-1/2

[Event "Biel"]
[Site "Biel SUI"]
[Date "1995.??.??"]
[Round "10"]
[White "Campora, Daniel Hugo"]
[Black "Hodgson, Julian M"]
[Result "1/2-1/2"]
[WhiteElo "2550"]
[BlackElo "2590"]
[PlyCount "55"]
[EventDate "1995.07.22"]
[EventType "tourn"]
[EventRounds "13"]
[EventCountry "SUI"]
[EventCategory "15"]

1. e4 c5 2. Nf3 d6 3. d4 cxd4 4. Nxd4 Nf6 5. Nc3 g6 6. Be2 Bg7 7. O-O O-O 8. Bg5 Nc6 9. Nb3 a6 10. f4 b5 11. Bf3 b4 12. Nd5 Nxd5 13. exd5 Na7 14. Rb1 Nb5 15. Kh1 Re8 16. Be4 f5 17. Bd3 Bd7 18. a3 a5 19. axb4 axb4 20. g4 fxg4 21. f5 gxf5 22. Rxf5 Rf8 23. Qxg4 Rxf5 24. Bxf5 Bxf5 25. Qxf5 Qf8 26. Qd3 Qf7 27. Rg1 Kh8 28. Qxb5 1/2-1/2

[Event "Biel"]
[Site "Biel SUI"]
[Date "1995.??.??"]
[Round "10"]
[White "Gavrikov, Viktor"]
[Black "Shirov, Alexei"]
[Result "1/2-1/2"]
[WhiteElo "2605"]
[BlackElo "2695"]
[PlyCount "50"]
[EventDate "1995.07.22"]
[EventType "tourn"]
[EventRounds "13"]
[EventCountry "SUI"]
[EventCategory "15"]

1. d4 Nf6 2. c4 c5 3. d5 b5 4. cxb5 a6 5. bxa6 g6 6. Nc3 Bxa6 7. e4 Bxf1 8. Kxf1 d6 9. g3 Bg7 10. Kg2 O-O 11. Nf3 Nbd7 12. Re1 Qa5 13. h3 Rfb8 14. e5 dxe5 15. Nxe5 Nxe5 16. Rxe5 Rb7 17. d6 exd6 18. Qxd6 Rc8 19. Nd5 Nxd5 20. Qxd5 Qa6 21. Re4 c4 22. a4 Bxb2 23. Bxb2 Rxb2 24. Rc1 Rb4 25. Rf4 Qc6 1/2-1/2

[Event "Biel"]
[Site "Biel SUI"]
[Date "1995.??.??"]
[Round "10"]
[White "Timman, Jan H"]
[Black "Tkachiev, Vladislav"]
[Result "1/2-1/2"]
[WhiteElo "2590"]
[BlackElo "2605"]
[PlyCount "76"]
[EventDate "1995.07.22"]
[EventType "tourn"]
[EventRounds "13"]
[EventCountry "SUI"]
[EventCategory "15"]

1. e4 e5 2. Nf3 Nc6 3. Bb5 a6 4. Ba4 Nf6 5. O-O b5 6. Bb3 Bc5 7. Nxe5 Nxe5 8. d4 Bxd4 9. Qxd4 d6 10. f4 Nc6 11. Qd3 Bb7 12. Re1 Na5 13. e5 dxe5 14. Rxe5+ Kf8 15. Qxd8+ Rxd8 16. Bd2 Nc6 17. Re1 h5 18. Be3 Nd4 19. Nc3 Nxb3 20. axb3 h4 21. Rad1 Rxd1 22. Rxd1 Rh5 23. Rd8+ Ke7 24. Rb8 Bc6 25. Rc8 Kd7 26. Rf8 Ne8 27. b4 f6 28. Bc5 Bd5 29. Nxd5 Rxd5 30. Rf7+ Kd8 31. Bf8 Rd2 32. c3 Rxb2 33. Bxg7 Nxg7 34. Rxg7 Rc2 35. Rg8+ Ke7 36. Rg7+ Kd8 37. Rg8+ Ke7 38. Rg7+ Kd8 {Dauerschach.} 1/2-1/2

[Event "Biel"]
[Site "Biel SUI"]
[Date "1995.??.??"]
[Round "11"]
[White "Hodgson, Julian M"]
[Black "Adianto, Utut"]
[Result "1-0"]
[WhiteElo "2590"]
[BlackElo "2590"]
[PlyCount "83"]
[EventDate "1995.07.22"]
[EventType "tourn"]
[EventRounds "13"]
[EventCountry "SUI"]
[EventCategory "15"]

1. e4 c6 2. d4 d5 3. f3 g6 4. e5 Bg7 5. f4 Nh6 6. Nf3 O-O 7. c3 Qb6 8. h3 f6 9. g4 fxe5 10. dxe5 Na6 11. Qe2 Nc7 12. Be3 c5 13. b4 d4 14. bxc5 Qa5 15. Nxd4 Nd5 16. Qc4 e6 17. Bd2 Qc7 18. Na3 Nxf4 19. O-O-O Qxe5 20. Re1 Qc7 21. Nab5 Qa5 22. Nb3 Qxa2 23. Bxf4 a6 24. Rh2 axb5 25. Rxa2 Rxa2 26. Qe4 Ra4 27. c4 g5 28. Be5 Rxf1 29. Rxf1 Rxc4+ 30. Qxc4 bxc4 31. Bxg7 Kxg7 32. Na5 Nf7 33. Kd2 h5 34. Nxc4 hxg4 35. Nb6 gxh3 36. Nxc8 g4 37. Ke3 g3 38. Kf3 g2 39. Rb1 Kf6 40. Nd6 Ng5+ 41. Kg3 Ke5 42. Rd1 1-0

[Event "Biel"]
[Site "Biel SUI"]
[Date "1995.??.??"]
[Round "11"]
[White "Kindermann, Stefan"]
[Black "Timman, Jan H"]
[Result "1-0"]
[WhiteElo "2565"]
[BlackElo "2590"]
[PlyCount "47"]
[EventDate "1995.07.22"]
[EventType "tourn"]
[EventRounds "13"]
[EventCountry "SUI"]
[EventCategory "15"]

1. e4 e5 2. Nf3 Nc6 3. Bb5 a6 4. Ba4 Nf6 5. O-O b5 6. Bb3 Bc5 7. a4 Bb7 8. d3 d6 9. Nc3 b4 10. Nd5 h6 11. a5 O-O 12. c3 Rb8 13. Be3 Nxd5 14. Bxd5 Bxe3 15. fxe3 Ne7 16. Bc4 c5 17. cxb4 cxb4 18. Qb3 Nc6 19. Bxf7+ Rxf7 20. Ng5 Qxg5 21. Qxf7+ Kh8 22. Rf3 Qd8 23. Raf1 Bc8 24. Qg6 1-0

[Event "Biel"]
[Site "Biel SUI"]
[Date "1995.??.??"]
[Round "11"]
[White "Tkachiev, Vladislav"]
[Black "Gelfand, Boris"]
[Result "1/2-1/2"]
[WhiteElo "2605"]
[BlackElo "2685"]
[PlyCount "39"]
[EventDate "1995.07.22"]
[EventType "tourn"]
[EventRounds "13"]
[EventCountry "SUI"]
[EventCategory "15"]

1. e4 c5 2. Nf3 d6 3. d4 cxd4 4. Nxd4 Nf6 5. Nc3 a6 6. Bg5 e6 7. f4 Qb6 8. Qd2 Qxb2 9. Rb1 Qa3 10. f5 Nc6 11. fxe6 fxe6 12. Nxc6 bxc6 13. Be2 Be7 14. O-O O-O 15. Rb3 Qc5+ 16. Be3 Qe5 17. Bf4 Qc5+ 18. Be3 Qe5 19. Bd4 Qa5 20. Bb6 1/2-1/2

[Event "Biel"]
[Site "Biel SUI"]
[Date "1995.??.??"]
[Round "12"]
[White "Adianto, Utut"]
[Black "Shirov, Alexei"]
[Result "1/2-1/2"]
[WhiteElo "2590"]
[BlackElo "2695"]
[PlyCount "54"]
[EventDate "1995.07.22"]
[EventType "tourn"]
[EventRounds "13"]
[EventCountry "SUI"]
[EventCategory "15"]

1. d4 Nf6 2. c4 g6 3. Nc3 Bg7 4. e4 d6 5. f3 O-O 6. Be3 c5 7. d5 e6 8. Qd2 exd5 9. cxd5 a6 10. a4 Nbd7 11. Nh3 Ne8 12. Be2 Nc7 13. O-O Rb8 14. a5 b5 15. axb6 Nxb6 16. Nf2 Nb5 17. Nxb5 axb5 18. Bxb5 Nxd5 19. Qxd5 Rxb5 20. Rad1 Bxb2 21. Qxd6 Qxd6 22. Rxd6 c4 23. Rc6 c3 24. Bd4 Rb3 25. Bf6 h5 26. Nd1 Bb7 27. Rc7 Rc8 1/2-1/2

[Event "Biel"]
[Site "Biel SUI"]
[Date "1995.??.??"]
[Round "12"]
[White "Brunner, Lucas"]
[Black "Hodgson, Julian M"]
[Result "1-0"]
[WhiteElo "2530"]
[BlackElo "2590"]
[PlyCount "77"]
[EventDate "1995.07.22"]
[EventType "tourn"]
[EventRounds "13"]
[EventCountry "SUI"]
[EventCategory "15"]

1. c4 e5 2. g3 Nf6 3. Bg2 Nc6 4. Nc3 Bc5 5. e3 d5 6. Nxd5 Nxd5 7. cxd5 Nb4 8. d3 O-O 9. a3 Nxd5 10. Nf3 Re8 11. O-O Bb6 12. b3 Bg4 13. Bb2 Qd6 14. h3 Bh5 15. g4 Bg6 16. Nh4 Rad8 17. Nxg6 Qxg6 18. Qe2 Nf6 19. Bxb7 h5 20. Be4 Qg5 21. Kh2 hxg4 22. Rg1 Qh5 23. Rg3 Re6 24. Kg1 Nxe4 25. dxe4 Red6 26. Bc3 Rd3 27. Rc1 Qh7 28. Qxg4 f6 29. Kh2 Kh8 30. Bb4 c5 31. Bxc5 Bxc5 32. Rxc5 g5 33. Rc6 Qf7 34. Qf5 Kg7 35. Kg2 R3d6 36. Rxd6 Rxd6 37. h4 Qg6 38. hxg5 Qxf5 39. exf5 {Ribli} 1-0

[Event "Biel"]
[Site "Biel SUI"]
[Date "1995.??.??"]
[Round "12"]
[White "Zvjaginsev, Vadim"]
[Black "Tkachiev, Vladislav"]
[Result "1/2-1/2"]
[WhiteElo "2600"]
[BlackElo "2605"]
[PlyCount "48"]
[EventDate "1995.07.22"]
[EventType "tourn"]
[EventRounds "13"]
[EventCountry "SUI"]
[EventCategory "15"]

1. d4 Nf6 2. c4 g6 3. Nc3 Bg7 4. e4 d6 5. Be2 O-O 6. Nf3 Na6 7. Bf4 Nh5 8. Bg5 h6 9. Be3 e5 10. g3 Nf6 11. d5 Ng4 12. Bd2 c6 13. h3 Nf6 14. Be3 Nc5 15. Nd2 a5 16. h4 h5 17. f3 Bd7 18. Nb3 Nxb3 19. axb3 Qc7 20. Qd2 Rfb8 21. O-O cxd5 22. Nxd5 Nxd5 23. cxd5 Qd8 24. Rf2 Rc8 1/2-1/2

[Event "Biel"]
[Site "Biel SUI"]
[Date "1995.??.??"]
[Round "13"]
[White "Timman, Jan H"]
[Black "Gelfand, Boris"]
[Result "1/2-1/2"]
[WhiteElo "2590"]
[BlackElo "2685"]
[PlyCount "138"]
[EventDate "1995.07.22"]
[EventType "tourn"]
[EventRounds "13"]
[EventCountry "SUI"]
[EventCategory "15"]

1. Nf3 Nf6 2. g3 g6 3. b3 Bg7 4. Bb2 c5 5. c4 d6 6. Bg2 e5 7. Nc3 O-O 8. O-O Nc6 9. d3 Nh5 10. Nd2 f5 11. a3 a5 12. Nd5 Nf6 13. f4 exf4 14. gxf4 Nxd5 15. Bxd5+ Kh8 16. Bxg7+ Kxg7 17. Ra2 Qf6 18. Qa1 Bd7 19. e3 Rab8 20. Qxf6+ Kxf6 21. Rb2 b5 22. cxb5 Ne7 23. Bc6 Bxc6 24. bxc6 Nxc6 25. Rc1 Rfc8 26. Rbc2 Ne7 27. d4 cxd4 28. Rxc8 Nxc8 29. exd4 Ne7 30. Kf2 Nd5 31. Rc6 Nxf4 32. Rxd6+ Kg5 33. Kf3 Nd3 34. Rc6 Re8 35. Rc3 Nb2 36. d5 Nd1 37. Rd3 Nb2 38. Rd4 Kf6 39. Nb1 Rb8 40. Nd2 g5 41. Ke2 g4 42. Nc4 Nxc4 43. bxc4 Ke5 44. Rd2 Kd6 45. Ke3 Re8+ 46. Kf4 Re4+ 47. Kxf5 Rxc4 48. Rd3 Rc2 49. Kxg4 Rxh2 50. Rb3 Rc2 51. Rh3 Rc4+ 52. Kf5 Kxd5 53. Rxh7 Rc3 54. Rd7+ Kc6 55. Rd8 Kb5 56. Ke4 Rxa3 57. Kd4 Rb3 58. Rb8+ Ka4 59. Ra8 Kb4 60. Rb8+ Ka3 61. Ra8 a4 62. Kc4 Rh3 63. Ra7 Rg3 64. Ra8 Rf3 65. Ra7 Rf8 66. Kc3 Rc8+ 67. Kd2 Kb3 68. Rb7+ Ka2 69. Rb6 a3 1/2-1/2